000 00512nam a2200169Ia 4500
003 OSt
005 20200622144306.0
008 190216s9999||||xx |||||||||||||| ||und||
020 _a9788175364585
040 _coclc
082 _a954.025
_bBER/T
100 _aBernier, Francois
_92371
245 0 _aTravels In the Mogul empire AD 1656-1668 /
_cFrancois Bernier
260 _bLow Price Publications,
_c2008.
_aDelhi:
300 _a497p
942 _cBK
_2ddc
_h954.025
_iBER/T
_k954.025
_mBER/T
999 _c21459
_d21459